| 000 | 00355nam a22001337a 4500 | ||
|---|---|---|---|
| 008 | 230602b xxu||||| |||| 00| 0 eng d | ||
| 020 | _a9789966712349 | ||
| 082 |
_a342.6762 _bGHA |
||
| 100 | _cYash Pal Ghai & Jill Cottrell Ghai | ||
| 245 |
_aKenya's Constitution _bAn Instrument For Change |
||
| 260 | _aNairobi, Kenya | ||
| 300 | _aIX,176p | ||
| 942 |
_2ddc _cBK |
||
| 999 |
_c51 _d51 |
||